| 000 | 00710nam a2200229 a 4500 | ||
|---|---|---|---|
| 001 | BRCA_4104 | ||
| 005 | 20190320204540.0 | ||
| 008 | 230310s2009----mx-a######---#000-0#spa-# | ||
| 020 | _a9786077805007 | ||
| 041 | _aspa | ||
| 044 | _amx | ||
| 050 | 4 |
_aHD9145 _b.D53 2009 |
|
| 245 | 1 | 0 | _aDías de humo. |
| 260 |
_aMéxico _bFundación Carlos Slim : Museo Soumaya _c2009 |
||
| 300 |
_a295 p. _bil. (algunas a color) _c28 cm. |
||
| 500 | _aIncluye catálogo de obra | ||
| 500 | _aIncluye piezas de la colección Franz Mayer: p. 48, 90, 104-105 | ||
| 650 | 1 | 4 |
_aTabaco _xIndustria y comercio _910621 |
| 650 | 1 | 4 |
_aTabaco _xHistoria _zMéxico _910622 |
| 650 | 1 | 4 |
_aCajas de cigarros _zMéxico _93023 |
| 942 |
_2lcc _cB |
||
| 999 |
_c3822 _d3822 |
||